000 01327nam a22002537a 4500
005 20210325204810.0
008 s2553 th tha d
020 _a9786169054283
041 _atha
050 _aPN4193.K5 ท363พ 2553
100 0 _aทัศนา ทัศนมิตร
245 1 0 _aพ่อสอนลูก 5 แผ่นดิน
260 3 _aกรุงเทพฯ :
_bร.ศ. 229,
_c2553
300 _a207 หน้า :
_b ภาพประกอบ ;
_c 21 ซม.
650 0 4 _aจริยธรรม -- พระบรมราโชวาท
650 0 4 _aภูมิพลอดุลยเดช, พระบาทสมเด็จพระ -- พระบรมราโชวาท
650 0 4 _aจุลจอมเกล้าเจ้าอยู่หัว, พระบาทสมเด็จพระ -- พระบรมราโชวาท
650 0 4 _aจอมเกล้าเจ้าอยู่หัว, พระบาทสมเด็จพระ -- พระบรมราโชวาท
850 _aNALT
942 _cGB
997 _a37292 ฉ.1 /37293 ฉ.2
997 _c000000000061842
998 _aนางสาวชัชฎา จูฑะรักษ์
999 _c61842
_d61842